Ciencias Sociales y modernización: tejidos entre el saber, la subjetividad y la política /

Salvato in:
Dettagli Bibliografici
Autore principale: Valderrama H., Carlos Eduardo
Altri autori: Olaya, Vladimir
Natura: testo
Tags: Aggiungi Tag
Nessun Tag, puoi essere il primo ad aggiungerne!!

MARC

LEADER 00000 a a2200000 04500
001 47711
003
040
100 |a Valderrama H., Carlos Eduardo  
245 |a Ciencias Sociales y modernización:   |b tejidos entre el saber, la subjetividad y la política /  |c Carlos Eduardo Valderrama H., Vladimir Olaya  
700 |a Olaya, Vladimir  
773 |g número41, (2014), páginas 79-95  
999 |c 20802  |d 20802